[Event "HUN-chT2 Maroczy 1819"]
[Site "Hungary"]
[Date "2019.02.10"]
[Round "7.10"]
[White "Horvath, Kristof"]
[Black "Koszo, Ferenc"]
[Result "1-0"]
[WhiteElo "2015"]
[BlackElo "1365"]
[PlyCount "59"]
[EventDate "2018.09.23"]
[EventType "team-tourn"]
[EventRounds "11"]
[EventCountry "HUN"]
[SourceTitle "EXT 2020"]
[Source "ChessBase"]
[SourceDate "2019.10.17"]
[SourceVersion "1"]
[SourceVersionDate "2019.10.17"]
[SourceQuality "1"]
[WhiteTeam "Lillafured DVTK II"]
[BlackTeam "Szeged Maroczy II"]
[WhiteTeamCountry "HUN"]
[BlackTeamCountry "HUN"]

1. e4 e6 2. d4 d5 3. Nd2 dxe4 4. Nxe4 Be7 5. Nf3 Nf6 6. Bd3 Nbd7 7. Nxf6+ Nxf6 8. 0-0 c6 9. c3 b6 10. Ne5 Bb7 11. Bg5 Nd5 12. Bxe7 Qxe7 13. Be4 Rc8 14. Qf3 Qf6 15. Qg3 Rd8 16. f4 g6 17. Rae1 0-0 18. f5 exf5 19. Rxf5 Qg7 20. Rf2 f5 21. Bc2 Rde8 22. Bb3 Rd8 23. Rfe2 Rfe8 24. Nxc6 Bxc6 25. Bxd5+ Rxd5 26. Rxe8+ Bxe8 27. Rxe8+ Kf7 28. Qc7+ Kf6 29. Qc6+ Kf7 30. Qe6# 1-0